01709nam a2200313 a 450000100100000000500170001000800410002704000250006808200260009310000450011924501060016425000120027026000760028230000210035849000520037950000550043158600600048659000260054665000640057265100990063665100810073565100710081683000590088791000390094695201390098595201240112495201300124899900170137800003564920240409073643.0090904t2010 dr r 000 e spa d aDO-SdBNPbspacBNPHU a972.9375bV443t, 20101 aVeloz Maggiolo, Marcio,d1936-20219110410aTrujillo, Villa Francisca y otros fantasmas /cMarcio Veloz Maggiolo ; presentación Daniel Toribio. a2a. ed. aSanto Domingo :bBanco de Reservas de la República Dominicana,c2010. a409 p. ;c24 cm.1 aBanreservas.aArte y Cultura segunda épocav1 aIncluye datos biográficos del autor en la solapa aPremio nacional Feria del Libro E. León Jimenes(1996) aInventariado, 2018/BT 4aCiudades y pueblosxHistoriazRepública Dominicana912424 4aVilla Francisca, Santo Domingo (República Dominicana{Rpara}xVida Social Y Costumbres919693 4aSanto Domingo (República Dominicana{Rpara}xVida Social Y Costumbres91895 4aSanto Domingo (República Dominicana{Rpara}xHistoria Local91894 0aBanreservas.pArte y cultura segunda épocan1961565 aValidado. Control de calidad.| MFF 001054708DSaGRbGRcHDd2018-07-30iLF1l0o972.9375 V443t, 2010p35649-30r2020-06-25te. 3w2020-06-25yLFDSZPréstamo en sala 0010718PDaPDbPDcHDd2011-11-07iLF1l0o972.9375 V443t, 2010p35649-10r2020-06-25w2020-06-25yLFPDZNo se presta 0010718PDaPDbPDcHDd2011-11-07iLF1l0o972.9375 V443t, 2010p35649-20r2020-06-25te. 2w2020-06-25yLFPDZNo se presta c35140d35140